| 000 | 00467nam a2200193Ia 4500 | ||
|---|---|---|---|
| 003 | GCL | ||
| 008 | 140319s9999 xx 000 0 eng d | ||
| 040 |
_aGCL / _cGCL |
||
| 082 | 0 | 4 |
_aCH _b823 _bF T |
| 100 | 1 | _aDURRELL, JULIE | |
| 245 | 1 | 0 |
_aTHE THREE BEARS / _cDURRELL, JULIE |
| 700 | 1 | _aFROMME, CHARL | |
| 650 | 0 | 4 | _aENGLISH LITERATURE |
| 650 | 0 | 4 | _aENGLISH FICTION |
| 650 | 0 | 4 | _aNOVELS |
| 650 | 0 | 4 | _aENGLISH |
| 650 | 0 | 4 | _aCHILDREN - LEARNING |
| 942 |
_2ddc _cBK |
||
| 999 |
_c14605 _d14605 |
||